| 000 | 00403nam a2200157Ia 4500 | ||
|---|---|---|---|
| 008 | 221030s9999 xx 000 0 und d | ||
| 020 | _a1861975570 | ||
| 041 | _aEnglish | ||
| 082 | _a105.23 | ||
| 100 | _aM. Dell | ||
| 245 | 0 |
_aDirect from DELL : Strategies That Revolutionized an Industry _cby M. Dell |
|
| 260 |
_bProfile Books _aLondon _c2008 |
||
| 300 | _a235 | ||
| 650 | _aComputers | ||
| 942 | _cBK | ||
| 999 |
_c9618 _d9618 |
||